000
00322nam a22001457a 4500
003
SGT
020
_a
9780477102285
082
_a
341.23
_b
UNI
100
_a
UNITED NATION
245
_a
UNITED NATIONS HANDBOOK 2010-2011
250
_a
46
260
_a
NEW ZEALAND
_b
UNITED NATIONS
_c
2010
300
_a
428
942
_2
ddc
_c
BK
999
_c
33786
_d
33786